[Event "GER-chT U18 Girls"]
[Site "Germany"]
[Date "2011.05.14"]
[Round "5.3"]
[White "Baecker, Deborah"]
[Black "Kim, Yun Mi"]
[Result "0-1"]
[WhiteElo "800"]
[BlackElo "1020"]
[PlyCount "84"]
[EventDate "2011.05.13"]
[EventType "team-swiss"]
[EventRounds "7"]
[EventCountry "GER"]
[SourceTitle "EXT 2012"]
[Source "ChessBase"]
[SourceDate "2011.11.24"]
[SourceVersion "1"]
[SourceVersionDate "2011.11.24"]
[SourceQuality "1"]
[WhiteTeam "St Ursula Gymn (W)"]
[BlackTeam "Trier (W)"]
[WhiteTeamCountry "GER"]
[BlackTeamCountry "GER"]

1. e4 e5 2. Nf3 Nc6 3. Nc3 Bc5 4. Bc4 Nf6 5. Ng5 0-0 6. Nf3 Nxe4 7. Nxe4 d5 8. Nc3 dxc4 9. d3 Bg4 10. dxc4 Qxd1+ 11. Nxd1 Bxf3 12. gxf3 Nd4 13. Ne3 f5 14. c3 Nc6 15. Bd2 e4 16. f4 Na5 17. 0-0-0 Bxe3 18. fxe3 Nxc4 19. Rhg1 Nxd2 20. Rxd2 Rad8 21. Rd4 c5 22. Rxd8 Rxd8 23. Rd1 Rxd1+ 24. Kxd1 Kf7 25. Ke2 h6 26. b4 cxb4 27. cxb4 g5 28. fxg5 hxg5 29. Kd2 Ke6 30. h3 Kd5 31. Kc3 b5 32. Kb3 f4 33. exf4 gxf4 34. Kc3 f3 35. Kd2 Kd4 36. h4 e3+ 37. Ke1 Kd3 38. h5 f2+ 39. Kf1 Kd2 40. h6 e2+ 41. Kxf2 e1Q+ 42. Kf3 Qh4 0-1